MARC details
| 000 -CABECERA |
| campo de control de longitud fija |
01022cam a2200289 a 4500 |
| 001 - NÚMERO DE CONTROL |
| campo de control |
000018005 |
| 005 - FECHA Y HORA DE LA ÚLTIMA TRANSACCIÓN |
| campo de control |
20200929165320.0 |
| 008 - DATOS DE LONGITUD FIJA--INFORMACIÓN GENERAL |
| campo de control de longitud fija |
781205s1966 ve 001 0 spa d |
| 035 ## - NÚMERO DE CONTROL DEL SISTEMA |
| Número de control de sistema |
(DLC) 70007973 |
| 035 ## - NÚMERO DE CONTROL DEL SISTEMA |
| Número de control de sistema |
(OCoLC)4421524 |
| 040 ## - FUENTE DE LA CATALOGACIÓN |
| Centro catalogador/agencia de origen |
DO-SdBNP |
| Centro/agencia transcriptor |
OCl |
| Centro/agencia modificador |
DLC |
| 042 ## - CÓDIGO DE AUTENTICACIÓN |
| Código de autenticación |
premarc |
| 082 ## - NÚMERO DE LA CLASIFICACIÓN DECIMAL DEWEY |
| Número de clasificación |
923.2 |
| Número de documento/Ítem |
A727f |
| 049 ## - FONDOS LOCALES (OCLC) |
| Fondos de biblioteca |
BNGR |
| 100 1# - ENTRADA PRINCIPAL--NOMBRE DE PERSONA |
| Nombre de persona |
Armas Chitty, José Antonio de, |
| Fechas asociadas al nombre |
1908-1965 |
| 9 (RLIN) |
39039 |
| 245 10 - MENCIÓN DE TÍTULO |
| Título |
Fermín Toro y su época / |
| Mención de responsabilidad, etc. |
José Antonio de Armas Chitty. |
| 260 ## - PUBLICACIÓN, DISTRIBUCIÓN, ETC. |
| Lugar de publicación, distribución, etc. |
Caracas : |
| Nombre del editor, distribuidor, etc. |
[Instituto Nacional de Cultura y Bellas Artes], |
| Fecha de publicación, distribución, etc. |
1966. |
| 300 ## - DESCRIPCIÓN FÍSICA |
| Extensión |
251 p. ; |
| Dimensiones |
17 cm. |
| 490 0# - MENCIÓN DE SERIE |
| Mención de serie |
Biblioteca popular venezolana |
| Designación de volumen o secuencia |
107 |
| 504 ## - NOTA DE BIBLIOGRAFÍA, ETC. |
| Nota de bibliografía, etc. |
Bibliografías: p. 232-239. |
| 600 10 - PUNTO DE ACCESO ADICIONAL DE MATERIA--NOMBRE DE PERSONA |
| Nombre de persona |
TORO, FERMÍN, |
| Fechas asociadas al nombre |
1806-1865. |
| Subdivisión general |
BIOGRAFÍA |
| 9 (RLIN) |
39040 |
| 650 #4 - PUNTO DE ACCESO ADICIONAL DE MATERIA--TÉRMINO DE MATERIA |
| Término de materia o nombre geográfico como elemento de entrada |
Políticos |
| Subdivisión geográfica |
Venezuela |
| Subdivisión general |
Biografía |
| 9 (RLIN) |
39041 |
| 650 #4 - PUNTO DE ACCESO ADICIONAL DE MATERIA--TÉRMINO DE MATERIA |
| Término de materia o nombre geográfico como elemento de entrada |
Autores venezolanos |
| Subdivisión cronológica |
SIGLO XIX |
| Subdivisión general |
Biografías |
| 9 (RLIN) |
37762 |
| 700 1# - PUNTO DE ACCESO ADICIONAL--NOMBRE DE PERSONA |
| Nombre de persona |
Toro, Fermín, |
| Fechas asociadas al nombre |
1807-1865. |
| 9 (RLIN) |
39042 |
| 830 #0 - PUNTO DE ACCESO ADICIONAL DE SERIE-TÍTULO UNIFORME |
| Título uniforme |
Biblioteca popular venezolana ; |
| Designación de volumen o secuencia |
107. |
| 9 (RLIN) |
4512 |
| 910 ## - DATOS DE OPCIÓN DEL USUARIO (OCLC) |
| Datos de opción del usuario |
Catalogación por copia / LC |